History General Knowledge #2 - Statistics

General Stats
  • This quiz has been taken 21 times
  • The average score is 7 of 10
Answer Stats
% Correct
Biggest Country in world Russia
100%
Capital city of Turkiye Ankara
95%
According to UN is Taiwan (Chinese Taipei) an actual country? (Yes or No) No
95%
Do countries agree about the recognition of the Palestinian Territories? (Yes or no) No
95%
Name the northern most country in the baltics Estonia
75%
Name the southern island of Indonesia home to Jakarta Java
75%
Most popular country right now India
60%
Biggest country in history UK
60%
Palembang is located ? (Country name) Indonesia
50%
Palembang is located ? (The island name) Sumatra
25%
No matching quizzes found
Score Distribution
Percent of People with Each Score
Percentile by Number Answered
Your Score History
You have not taken this quiz